000 00690nam a2200181Ia 4500
008 100920s9999 xx 000 0 und d
082 _b23788
_a491.462 थ 70
100 _aमाडगूळकर व्यंकटेश.
245 _aसंगीत पति गेले ग काठेवाडी.
260 _bमनोरंजन प्रकाशन ,मुंबई 7.
_c1970
300 _a68
_bसाधी
365 _b3.5
520 _aनाटक.
630 _aसंगीत पति गेले ग काठेवाडी.
650 _aनाटक.
730 _aसंगीत पति गेले ग काठेवाडी.
942 _cBOOK
999 _c682484
_d682481